New species and new records of colombian palms (Registro nro. 15365)

Detalles MARC
000 -CABECERA
Campo de control 004490000a22001570004500
090 ## - CLASIFICACIÓN LOCAL
Colección AS
Consecutivo Seriadas
044 ## - PAÍS DE PUBLICACIÓN
País de publicación
041 0# - IDIOMA
Código de idioma para texto/pista de sonido o título separado
100 1# - ASIENTO PRINCIPAL--NOMBRE PERSONAL
Nombre personal Bernal, Rodrigo
245 10 - MENCION DE TITULO
Título New species and new records of colombian palms
246 3# - FORMA VARIANTE DEL TITULO
Título propiamente dicho/forma breve del título Nuevas especies y nuevos registros de palmas colombianas
650 14 - ASIENTO SECUNDARIO DE MATERIA - TERMINO TEMATICO
Término temático o nombre geográfico como elemento de entrada Abundancia
700 1# - ASIENTO SECUNDARIO - NOMBRE PERSONAL
Nombre personal Galeano, Gloria
773 1# - Item fuente:
Título Caldasia
Descripción física 2
Paginas del Articulo 277-292
Lugar, editorial y fecha de publicación 2002
Información sobre la relación 24
942 ## - ELEMENTOS ADICIONALES (KOHA)
Tipo de ítem Artículo

No hay ítems disponibles.